<?xml version="1.0" encoding="UTF-8"?>
<collection xmlns="http://www.loc.gov/MARC21/slim">
  <record>
    <leader>00000nam  2200000   4500</leader>
    <controlfield tag="001">INLIS000000000003164</controlfield>
    <controlfield tag="005">20190704112709</controlfield>
    <datafield tag="035" ind1="#" ind2="#">
      <subfield code="a">0010-0718003164</subfield>
    </datafield>
    <controlfield tag="008">190704################g##########0#ind##</controlfield>
    <datafield tag="041" ind1=" " ind2=" ">
      <subfield code="a">id</subfield>
    </datafield>
    <datafield tag="082" ind1="#" ind2="#">
      <subfield code="a">155.25</subfield>
    </datafield>
    <datafield tag="090" ind1=" " ind2=" ">
      <subfield code="a">155.25 Pra p</subfield>
    </datafield>
    <datafield tag="100" ind1=" " ind2="#">
      <subfield code="a">Prasetyo, Herry</subfield>
    </datafield>
    <datafield tag="245" ind1="1" ind2="#">
      <subfield code="a">The Power of "Pribadi yang Menganggumkan" /</subfield>
      <subfield code="c">Herry Prasetyo</subfield>
    </datafield>
    <datafield tag="250" ind1="#" ind2="#">
      <subfield code="a">Cet.1</subfield>
    </datafield>
    <datafield tag="260" ind1="#" ind2="#">
      <subfield code="a">Jakarta,</subfield>
      <subfield code="c">2012</subfield>
    </datafield>
    <datafield tag="300" ind1="#" ind2="#">
      <subfield code="a">131 hlm. :</subfield>
      <subfield code="b">ilus ;</subfield>
      <subfield code="c">21 cm</subfield>
    </datafield>
    <datafield tag="650" ind1=" " ind2="#">
      <subfield code="a">Psikologi Perkembangan</subfield>
    </datafield>
    <datafield tag="084" ind1="#" ind2="#">
      <subfield code="a">155.25 Pra t</subfield>
    </datafield>
    <datafield tag="520" ind1="#" ind2="#">
      <subfield code="a">Buku ini akan mencoba membuka mata hati Anda untuk melihat ke dalam diri sendiri semua kelebihan yang Anda miliki; sehingga Anda bisa menciptakan hal yang mengagumkan, "surprised". Orang lain akan mampu berteriak, "luar biasa, Anda bisa melakukannya!" Mereka akan terkagum-kagum kepada pribadi Anda yang bisa menciptakan karya yang hebat di dalam pekerjaan dan bisnis, dan di dalam kehidupan keseharian juga di dalam keluarga. "Tak kusangka kau bisa ciptakan itu! ungkapan ini juga akan menghampiri Anda karena Anda mampu membuat diri Anda "besar" dan "hebat" dengan karya-karya Anda; karena Anda mampu memanfaatkan nilai positif dari mengenal diri sendiri dan menjadi diri sendiri. Frank Giblin mengatakan, jadilah diri Anda sendiri, siapa lagi yang bisa melakukannya lebih baik ketimbang diri Anda sendiri?' Bersiaplah  menjadi pribadi yang selalu berkembang, menjadi pribadi yang hebat, mengagumkan, dan sangat bernilai bagi diri sendiri dan sesama. Buatah orang lain kagum kepada Anda.</subfield>
    </datafield>
    <datafield tag="856" ind1="#" ind2="#">
      <subfield code="a">Perpustakaan Lembaga Administrasi Negara</subfield>
    </datafield>
    <datafield tag="990" ind1="#" ind2="#">
      <subfield code="a">150217556</subfield>
    </datafield>
  </record>
</collection>
